00697nam a2200193Ia 4500003000900000008004100009020001800050040001600068080001100084100002800095245016800123260003900291300001500330650002300345650002600368942000700394999001500401952008700416IN-BaIIA211028s9999 xx 000 0 eng d a0-7167-0337-8 cIIA Library a5bKLA aKlauder, John R.913266 0aMagic without magicbjohn archibald wheeler a collection of essays in honor of his sixtieth birthdaycJohn R. Klauder  aSan FranciscobW. H. Freemanc1972 axii, 491p. aJ.H.Wheeler913267 aScience essays913268 cBK c7860d7860 00104070aBANbBANcGENd1984-02-29l0o5/ KLAp8681r2021-11-05w1984-02-29yBK